Pakistan and the Great Powers: A Study of Pakistan's Foreign Policy 1954-70 v 42 (Record no. 266629)

000 -LEADER
fixed length control field 00288 a2200097 4500
001 - CONTROL NUMBER
control field 31556
090 ## - LOCALLY ASSIGNED LC-TYPE CALL NUMBER (OCLC); LOCAL CALL NUMBER (RLIN)
-- 21412
-- 21412
100 ## - MAIN ENTRY--PERSONAL NAME
Personal name Ahsen Muhammad Chaudhri
245 ## - TITLE STATEMENT
Title Pakistan and the Great Powers: A Study of Pakistan's Foreign Policy 1954-70 v 42
260 ## - PUBLICATION, DISTRIBUTION, ETC.
Place of publication, distribution, etc. Karachi
Name of publisher, distributor, etc. Royal Book Co
Date of publication, distribution, etc.
942 ## - ADDED ENTRY ELEMENTS (KOHA)
Institution code [OBSOLETE] NUST-CAE
Koha item type
--
Holdings
Withdrawn status Lost status Damaged status Not for loan Collection code Permanent Location Current Location Date acquired Total Checkouts Barcode Date last seen Price effective from Koha item type
          College of Aeronautical Engineering (CAE) College of Aeronautical Engineering (CAE) 04/03/2017   CAE71806 04/05/2017 04/05/2017 Book
© 2023 Central Library, National University of Sciences and Technology. All Rights Reserved.